000 00261nam a2200109Ia 4500
008 190914s9999||||xx |||||||||||||| ||und||
100 _aICAMAP Study text
245 0 _aML-103 Business English
260 _aIndia
_bS. Chand
_c2003
300 _a787
942 _cBK
999 _c10147
_d10147